Riego localizado programas informáticos para Windows

Bibliographic Details
Main Author: Rodrigo, López, J.
Format: Section = Libro
Language:Undetermined
Spanish
Published: España Mundi Prensa 2003
Subjects:
LEADER 00716nam a2200217Ia 4500
008 240829s9999 xx 000 0 und d
020 |a 84-8476-092-8 
040 |a BIBLIOTECA-RUPAP 631.587 R696 
041 |a spa 
082 |a 631.587 R696 
100 1 |a Rodrigo, López, J.  
245 1 0 |a Riego localizado programas informáticos para Windows 
260 |a España  |b Mundi Prensa  |c 2003 
300 |a 157 p. :il. 
650 7 |a IRRIGACION - RIEGO EN FRANJA CONTINUA 
650 7 |b  DISEÑO AGRONOMICO - PROGRAMA 
650 7 |c  EVALUACION DE INSTALACIONES - RIEGO LOCALIZADO 
650 7 |d  DISEÑO - CÁLCULO TUBERIAS LATERALES. I. Cordero Ordóñez, L. II. Tít. 
942 |c BK  |2 ddc 
991 |a TEXTO 
999 |c 8676